000 00464nam a2200181Ia 4500
001 13675
005 20260306164818.0
008 260306t1995||||xx |||||||||||||| ||spa||
041 _aESP
082 _a005.12
_bG17 1995
100 _aGamma, Erich
_eAUT
245 0 _aDesign patterns:
_belements of reusable object-oriented software
260 _c1995
300 _axii, 395 páginas :
_c24 cm.
650 _aGEN
654 _aCCC
942 _cLIB
_dJUS
_fJUS
_2ddc
_n
999 _c13675
_d13675